LDR 01047naa#a2200229#i#450# 001 RU\\bibl\121384 005 20260428111754.2 011 ## _a1994-4683 100 ## _a20230531b2023####ek#y0rusy0150####ca 102 ## _aRU 200 1# _aИНТЕРЕС К ВИДУ СПОРТА КАК МОТИВ СПОРТИВНОЙ ДЕЯТЕЛЬНОСТИ _eЖурнальная статья 210 1# _aМосква _cНациональный государственный Университет физической культуры, спорта и здоровья им. П.Ф. Лесгафта _d2023 215 ## _a2 с. 608 ## _aЖурнальная статья _2local 675 ## _aФилософия. Теория. Назначение. Методика. Этика. Эстетика. 796.01 _z 700 #1 _aАндреенко _gТ А 700 #1 _aГоловинова _gИ Ю 700 #1 _aНагайцева _gИ Ф 700 #1 _aСерженко _gЕ В 700 #1 _aНестерова _gМ Н 700 #1 _aСапога _gС В 856 4# _auchzapiski.lesgaft.spb.ru _u